Catholic University of Zimbabwe Library
Online Public Access Catalogue
(OPAC)

Financial services regulation in practice (Record no. 45594)

MARC details
000 -LEADER
fixed length control field 00653nam a22002057a 4500
008 - FIXED-LENGTH DATA ELEMENTS--GENERAL INFORMATION
fixed length control field 260424b |||||||| |||| 00| 0 eng d
020 ## - INTERNATIONAL STANDARD BOOK NUMBER
International Standard Book Number 9780199688753
040 ## - CATALOGING SOURCE
Original cataloging agency CUZ
Language of cataloging eng
Transcribing agency CUZ
Modifying agency rda
Description conventions CUZ
050 ## - LIBRARY OF CONGRESS CALL NUMBER
Classification number KD1715M67MOR
100 ## - MAIN ENTRY--PERSONAL NAME
Personal name Simon Morris
245 ## - TITLE STATEMENT
Title Financial services regulation in practice
Statement of responsibility, etc. by Simon Morris
264 ## - PRODUCTION, PUBLICATION, DISTRIBUTION, MANUFACTURE, AND COPYRIGHT NOTICE
Place of production, publication, distribution, manufacture New York
Name of producer, publisher, distributor, manufacturer Oxford University press
Date of production, publication, distribution, manufacture, or copyright notice @ 2016
300 ## - PHYSICAL DESCRIPTION
Extent extent Ivi ,551pages
500 ## - GENERAL NOTE
General note includes index
650 ## - SUBJECT ADDED ENTRY--TOPICAL TERM
Topical term or geographic name entry element Liturgy and ritual
-- Social sciences 
-- Law 
942 ## - ADDED ENTRY ELEMENTS (KOHA)
Koha item type OS Book
Item part 1715.M67
Call number prefix KD
336 ## - CONTENT TYPE
Content type term text
Content type code txt
337 ## - MEDIA TYPE
Media type term unmediated
Media type code n
338 ## - CARRIER TYPE
Source rdacarrier
Holdings
Withdrawn status Lost status Source of classification or shelving scheme Damaged status Not for loan Home library Current library Shelving location Date acquired Source of acquisition Cost, normal purchase price Inventory number Total Checkouts Full call number Barcode Date last seen Cost, replacement price Price effective from Koha item type
          CUZ Harare Campus CUZ Harare Campus Open Shelf 23.11.2023 Donation 290.00 CUZ16813   KD1715M67MOR BK010556 24.04.2026 290.00 24.04.2026 OS Book

OPENING HOURS

Weekdays: 0815hrs - 1800hrs
Weekends:0900hrs - 1200hrs

Closed for Mass:

Mon, Thur: 1200hrs - 1300hrs
Sunday & Public Holiday’s

CALL SUPPORT

0242-570570, 0242-570169
09200664, +263 8644140602

LOCATION

18443, Cranborne Avenue, Hatfield, Harare

Other Links


©2021 | CUZ Library